Normal view
MARC view
Entry Personal Name
001 - CONTROL NUMBER
- control field: 624227
003 - CONTROL NUMBER IDENTIFIER
- control field: OSt
005 - DATE AND TIME OF LATEST TRANSACTION
- control field: 20221005111732.0
008 - FIXED-LENGTH DATA ELEMENTS
- fixed length control field: 221005|| aca||aabn | a|a d
040 ## - CATALOGING SOURCE
- Original cataloging agency: OSt
- Transcribing agency: OSt
100 ## - HEADING--PERSONAL NAME
- Personal name: श्रीवास्तव, मनोज कुमार, ले
670 ## - SOURCE DATA FOUND
- Source citation: Work cat.: (OSt)1022738: श्रीवास्तव, मनोज कुमार, ले., क्षितिज को ऑंगन बुलाते हुए, 2015
